000 00868nam0a2200253 4500
001 RU\NLR\bibl\1786595
005 20250616141007.0
010 _a978-5-9772-0213-8
_9200
021 _aRU
_b2011-43333
_93074
035 _a(NLR Aleph) 001777317
090 _a1675441
_c1675441
100 _a20110708d2011 |||y0rusy50 ca
101 0 _arus
102 _aRU
105 _ay |||||||||
200 1 _aФинансовое право: Учебно-методический комплекс для специальности 030501 "Юриспруденция"
210 _aЧелябинск
_cБ.и
_d2011
215 _d21
700 1 _aКалина
_bЕ. С
_4070
801 0 _aRU
_bNLR
_c20110708
_gRCR
801 1 _aRU
_bNLR
_c20110708
942 _cBOOK
980 _aNB